Prof. Ing. Ľubomír Jurík, CSc

Bibliographic Details
Format: Article
Language:Slovak
Subjects:

MARC

LEADER 00000nab a2200000 a 4500
001 vtls000176631
003 SK-MaSNL
005 20260304172255.0
008 250526c1984 xo 0 slo
015 |a SNBRB19rr/mm-uuuuu 
035 |a CL0186744 
035 |a urn:nbn:sk:snk-ab2ca2 
035 |a (urnnbn)urn:nbn:sk:snk:ar-a024j4 
035 |a (uuid)c23e4dc3-6a4b-41db-b89c-8bbd24c9308b 
040 |a SNKBUCL  |b slo  |c SNKBUCL  |e AACR2 
041 0 |a slo 
044 |a xo  |c SK 
080 |a 630 31-051  |2 1981 
080 |a 929 Jurík, Ľubomír  |2 1981 
245 0 0 |a Prof. Ing. Ľubomír Jurík, CSc 
600 1 7 |a Jurík, Ľubomír,  |d 1923-1998  |2 snkbucl  |9 49117 
655 7 |a články z novín a časopisov  |2 snkbucl  |9 267496 
773 0 |t Les  |g Roč. 40, č. 3 (1984), s. 144 
850 |a Slovenská národná knižnica 
852 |a Slovenská národná knižnica 
954 |a odborná, vedecká literatúra pôvodná (slovenská)  |2 lita 
958 |a ONDV 
958 |a article2022 
958 |a BX 
958 |a RK 
992 |a RBX 
999 |c 2997549  |d 2999479